Film composers - Statistics

General Stats
  • This quiz has been taken 11 times
  • The average score is 7 of 15
Answer Stats
Question Answer % Correct
Howl's Moving Castle Joe Hisaishi
90%
Cinema Paradiso Ennio Morricone
70%
Crimson Tide Hans Zimmer
70%
La La Land Justin Hurwitz
70%
1917 Thomas Newman
50%
Thor: The Dark World Brian Tyler
40%
Amistad John Williams
40%
The Social Network Trent Reznor and Atticus Ross
40%
Casino Royale David Arnold
30%
Basic Instinct Jerry Goldsmith
30%
Munich John Williams
30%
The Batman Michael Giacchino
30%
No Time To Die Hans Zimmer
20%
Mission: Impossible Lalo schifrin
20%
Casablanca Max Steiner
20%
No matching quizzes found
Score Distribution
Percent of People with Each Score
Percentile by Number Answered
Your Score History
You have not taken this quiz